000 00559nam a2200205Ia 4500
005 20250923145757.0
008 008 250917s9999 xx 000 0 eng d
037 _aTextual
040 _aDSWL
_beng
_cDSWL
041 _aeng
_2eng
084 _aYX,Z1-Zc;6, N87
_qDSWL
100 _aLewis, V.
_9838834
245 0 _aDevelopment and handicap
_cby V.Lewis
260 _aOxford
_b Bansil Blackwell
_c1987
300 _aviii,222p.
365 _aGBP
_b7.95
925 _g7.95
942 _cTEXL
_hYX,Z1-Zc;6, N87
999 _c1455542
_d1455542